000
00322nam a22001337a 4500
008
180907b xxu||||| |||| 00| 0 eng d
020
_a
9780787982171
041
_a
eng
080
_a
370
100
_a
48
101
_a
EDU
245
_a
he Handbook Of Leadership Development Evaluation
_c
Hennun,K,M
942
_2
udc
_c
BK
999
_c
47600
_d
47600